00779cam a22001817a 4500020002200000082002100022245004500043260006200088300003500150500002200185500022600207500004800433526003700481650000800518700002100526700002300547700002700570 a0903530104 (v. 1) a358.209bWATcD.00aHistory of the Corps of Royal Engineers. aChatham [Eng.] The Institution of Royal Engineers,c1951- a553 p. :bill., maps ;c23 cm. aIncludes indexes. aVols. 1-2 by Whitworth Porter, v. 3 by Sir Charles M. Watson, v. 4 by W. Baker Brown, v. 5-7 by a team of officers, v. 8-9 by R. Pakenham-Walsh, v. 10 by I.T.C. Wilson ... et al.. v. 11. Colonel H.W.B. Mackintosh, editor. aVols. 1-3 originally published : 1889-1915. a0b0c0d358_209000000000000_WAT aMCE1 aBrown, W. Baker.1 aPorter, Whitworth,1 aWatson, Charles Moore,